True to Life. Intermediate : Personal Study Workbook

Gespeichert in:
Bibliographische Detailangaben
Hauptverfasser: Gairns, Ruth (Verfasst von), Redman, Stuart (Verfasst von), Colie, Joanne (Verfasst von)
Format: Buch
Sprache:Englisch
Veröffentlicht: Cambridge : Cambridge University Press, 2001
Ausgabe:7. vyd.
Schlagworte:
Tags: Tag hinzufügen
Keine Tags, Fügen Sie das erste Tag hinzu!

MARC

LEADER 00000nam a22000003a 4500
001 stu122112
005 20150617225910.9
008 060628s2001----uk------------------eng-d
020 |a 0-521-45631-2 
040 |a STU  |b slo 
041 0 |a eng 
044 |a uk 
080 |a 821.111 
100 1 |a Gairns, Ruth  |4 aut 
245 1 |a True to Life. Intermediate :  |b Personal Study Workbook 
250 |a 7. vyd. 
260 |a Cambridge :  |b Cambridge University Press,  |c 2001 
300 |a 156 s 
650 7 |a učebnice angličtiny  |2 stusub 
700 1 |a Redman, Stuart  |4 aut 
700 1 |a Colie, Joanne  |4 aut 
996 |b 284J029420  |c J*105920  |l JJK17  |s P  |a 0  |w stu122112_0001